Music Quiz

Random Music or Song Quiz
Score 0/85 Timer 20:00
0 Plays Today
Hint Answer % Correct
'LAY YOUR HANDS ON ME' by BOOM BOOM SATELLITESKiznaiver
69.7%
'COOLEST' by CustomiZSakamoto desu ga?
64.7%
'STYX HELIX' by MYTH & ROIDRe:Zero kara Hajimeru Isekai Seikatsu
56.9%
'Signal' by TK from Ling tosite sigure91 Days
50.9%
'ninelie' by Aimer with chelly (EGOIST)Koutetsujou no Kabaneri
46.3%
'fantastic dreamer' by MachicoKono Subarashii Sekai ni Shukufuku wo!
43.1%
'HEROES' by Brian the SunBoku no Hero Academia
42.2%
'Naked Dive' by SCREEN modeMusaigen no Phantom World
41.3%
'Sore wa Chiisana Hikari no you na' by SayuriBoku dake ga Inai Machi
38.1%
'Knew day' by (K)NoW_NAMEHai to Gensou no Grimgar
37.6%
'Now Loading!!!!' by fourfoliumNew Game!
36.7%
'Button' by PENGUIN RESEARCHReLIFE
36.7%
'Shanranran feat. 96 Neko' by miwaFlying Witch
36.2%
'Hey! Calorie Queen' by Ayana TaketatsuDagashi Kashi
33.5%
'Aozora Jumping Heart' by ???Love Live! Sunshine!!
33.5%
'Genesis' by STEREO DIVE FOUNDATIONDimension W
32.6%
'Namae wo Yobu yo' by Luck LifeBungou Stray Dogs
32.6%
'Deal with' by OLDCODEXServamp
32.6%
'Gensou Drive' by Ami WajimaMayoiga
29.8%
'Snowdrop' by nano.RIPEShokugeki no Souma: Ni no Sara
28.4%
'Belief' by May'nTaboo Tattoo
26.1%
'one-Me two-Hearts' by hitorieDivine Gate
24.8%
'Hajime no Ippo' by Luck LifeCheer Danshi!!
24.8%
'Niji wo Ametara' by fhánaHaruChika: Haruta to Chika wa Seishun suru
24.3%
'Million Clouds' by Maaya SakamotoAmanchu!
24.3%
'REASON TRIANGLE' by QUADRANGLEJoker Game
23.9%
'The LiBERTY' by Fo'xTailsHanda-kun
23.9%
'Sono Koe ga Chizu ni Naru' by Saori HayamiAkagami no Shirayuki-hime 2nd Season
22.9%
'DISORDER' by Yousei TeikokuBig Order
22.9%
Hint Answer % Correct
'Harebare Fanfare' by MimimemeMIMIAmaama to Inazuma
22.9%
'Love is MY RAIL' by Konomi SuzukiAnge Vierge
21.6%
'STORY' by Kensho OnoLuck & Logic
21.1%
'chase' by battaJoJo no Kimyou na Bouken: Diamond wa Kudakenai
21.1%
'Key -bring it on, my Destiny-' by Lenny code fictionD.Gray-man Hallow
21.1%
'BON-BON' by CooRieTanaka-kun wa Itsumo Kedaruge
20.6%
'HOW CLOSE YOU ARE' by Mamoru MiyanoAjin
20.2%
'Wake Me Up' by HOWL BE QUIETDays
20.2%
'Refrain Boy' by ALL OFFMob Psycho 100
19.7%
'Deathtopia' by GLAYKuromukuro
18.3%
'innocent promise' by TRUSTRICKShounen Maid
18.3%
'calling' by fhánaTales of Zestiria the X
18.3%
'Clover♣Kakumation' by Triple♣FeelingSansha Sanyou
17.9%
'Ai no Uta -words of love-' by Haruka ChisugaGakusen Toshi Asterisk 2nd Season
17.9%
'Gravity' by ClariSQualidea Code
17.9%
'Ashita de Ii kara' by Happy CloverAnne Happy♪
17.4%
'Message' by Rei YasudaGyakuten Saiban: Sono 'Shinjitsu', Igi Ari!
16.5%
'Valkyrie -Ikusa Otome-' by Wagakkii BandSousei no Onmyouji
16.5%
'Asterism' by ChouChoFate kaleid liner Prisma☆Illya 3rei!!
16.5%
'blaze' by KalafinaArslan Senki: Fuujin Ranbu
16.5%
'WASTELANDERS' by Sayaka SasakiShoujo-tachi wa Kouya wo Mezasu
15.6%
'BLOODRED' by D-selectionsHundred
15.6%
'Innocent' by Shota AoiHatsukoi Monster
15.6%
'ANGER/ANGER' by MYTH & ROIDBubuki Buranki
15.1%
'Zenryoku Batankyuu' by AOPOsomatsu-san
14.7%
'Ripple Effect' by Luna HarunaHigh School Fleet
14.7%
'miele paradiso' by Iori NomizuMasou Gakuen HxH
14.7%
'Wareru Doukoku' by ZAQConcrete Revolutio: Choujin Gensou - The Last Song
14.2%
'Datte, Gyutteshite.' by Maki HanataniKuma Miko
13.8%
Hint Answer % Correct
'Amakakeru Hoshi' by SuaraUtawarerumono: Itsuwari no Kamen
13.3%
'FEEL×ALIVE' by Sayaka SasakiBakuon!!
13.3%
'Sasayaki na Hajimari' by Runa Mizutani (NanosizeMir)Rewrite
13.3%
'Golden Life' by AKINO with bless4Active Raid: Kidou Kyoushuushitsu Dai Hachi Gakari
12.8%
'a-gain' by RayAo no Kanata no Four Rhythm
12.8%
'Best Friend' by Sonar PocketNijiiro Days
11.9%
'Koisuru Zukei (cubic futurismo)' by Sumire UesakaKono Bijutsubu ni wa Mondai ga Aru!
11.9%
'Kaketa Tsuki' by Shion MiyawakiAssassination Classroom 2nd Season
11.5%
'white forces' by fripSideSchwarzesmarken
11.5%
'Usurahi Shinjuu' by Megumi HayashibaraShouwa Genroku Rakugo Shinjuu
11.5%
'Zero Ichi Kiseki' by Yoshino NanjoNetoge no Yome wa Onnanoko ja Nai to Omotta?
11%
'nameless' by KanoNejimaki Seirei Senki: Tenkyou no Alderamin
10.6%
'Sweet Sensation' by Rie Murakawa12-sai.: Chicchana Mune no Tokimeki
10.1%
'hopeness' by ZAQKoukaku no Pandora
9.2%
'Divine Spell' by TRUERegalia: The Three Sacred Stars
9.2%
'Seishun wa Tabemono Desu' by petit miladyPan de Peace!
9.2%
'Polaris' by FujifabricMagi: Sinbad no Bouken
9.2%
'Kibou TRAVELLER' by AOPTime Travel Shoujo: Mari Waka to 8-nin no Kagakusha-tachi
9.2%
'Hiryuu no Kishi' by TRUESaijaku Muhai no Bahamut
8.7%
'Hanashi wo Shiyou' by GLIM SPANKYKyoukai no Rinne 2nd Season
8.7%
'Zessei Stargate' by Shota AoiPhantasy Star Online 2 The Animation
7.8%
'go my way' by Ryota FujimakiEndride
7.8%
'Xenotopia' by Suzuko MimoriSeisen Cerberus: Ryuukoku no Fatalités
7.3%
'Twinkle Starlight' by Sayaka SasakiPlanetarian: Chiisana Hoshi no Yume
7.3%
'Inferno' by 9mm Parabellum BulletBerserk (2016)
7.3%
'Hime wa Rankiryuu☆Goikkou-sama' by STARMARIEOnigiri
5%
'Kawaranai Tsuyosa' by Yuka IguchiHeavy Object
4.6%
Remove Ads.
Support Sporcle.
Get the best of Sporcle when you Go Orange. This ad-free experience offers more features, more stats, and more fun while also helping to support Sporcle. Thank you for becoming a member.

You're not logged in!

Compare scores with friends on all Sporcle quizzes.
OR
Log In

Show Comments

Extras

Created Aug 8, 2016ReportNominate
Tags:Anime Quiz, Song Quiz, 2016, theme

Top Quizzes Today


Score Distribution

Your Account Isn't Verified!

In order to create a playlist on Sporcle, you need to verify the email address you used during registration. Go to your Sporcle Settings to finish the process.

Report this User

Report this user for behavior that violates our Community Guidelines.

Details: